00610nam a2200217 a 4500001001300000003000900013005001700022008004100039020002500080082001500105100002500120245006300145260003300208300000900241500003500250505001000285650002500295650002200320650002500342700002500367nice12345678IN_TiNIC20260116013202.0050524s1985 newa grp 000 0 eng  a088344X c457.700a291.6bHOS aHospital, Clifford G aBreak Throughb Insight of the Great Religions Discoverers aNew YorkbOrbis Books c1985 a191p aincludes index and biblioraphy2 aIndex aComparative Religion aReligious Leaders aBiographies-Religion1 aHospital, Clifford G